Normal view
MARC view
Entry Uniform Title
001 - CONTROL NUMBER
- control field: 52996
003 - CONTROL NUMBER IDENTIFIER
- control field: dpl
005 - DATE AND TIME OF LATEST TRANSACTION
- control field: 20121010105309.0
008 - FIXED-LENGTH DATA ELEMENTS
- fixed length control field: 121010|||a|||||| | ||| d
040 ## - CATALOGING SOURCE
- Original cataloging agency: dpl
- Transcribing agency: dpl
130 ## - HEADING--UNIFORM TITLE
- Uniform title: 20वीं सदी का महान साहित्यकार
670 ## - SOURCE DATA FOUND
- Source citation: Work cat.: (dpl)34259: टैगोर, रवीन्द्रनाथ 52995, 41 अनमोल कहानियाँ /, 2012
670 ## - SOURCE DATA FOUND
- Source citation: Work cat.: (dpl)34259: टैगोर, रवीन्द्रनाथ 52995, 41 अनमोल कहानियाँ /, 2012
